Statistiques concernant Les britanniques en Formule 1

Cliquez ici pour prendre le quiz!

Statistiques générales

  • Ce quiz a été pris 108 fois
  • Le résultat moyen est 17 sur 145

Statistiques - réponses

Nb de Grands PrixPiloteConstructeursAnnées de compétition% Correct
5Duncan HamiltonTalbot Lago, HWM1951-1953
98%
276Lewis HamiltonMcLaren, Mercedes2007-
98%
306Jenson ButtonWilliams, Benetton, Renault, BAR, Honda, Brawn, McLaren2000-2017
87%
48George RussellWilliams, Mercedes2019-
80%
115Damon HillBrabham, Williams, Arrows, Jordan1992-1999
79%
175Graham HillLotus, BRM, Brabham, Shadow, Lola1958-1975
79%
48Lando NorrisMcLaren2019-
69%
246David CoulthardWilliams, McLaren, Red Bull1994-2008
68%
187Nigel MansellLotus, Williams, Ferrari, McLaren1980-1992, 1994-1995
68%
1Ian StewartConnaught1953
64%
99Jackie StewartBRM, Matra, March, Tyrrell1965-1973
64%
1Jimmy StewartCooper1953
64%
72Jim ClarkLotus1960-1968
54%
92James HuntMarch, Hesketh, McLaren, Wolf1973-1979
51%
111John SurteesLotus, Cooper, Lola, Ferrari, Honda, BRM, McLaren, Surtees1960-1972
43%
146Eddie IrvineJordan, Ferrari, Jaguar1993-2002
36%
45Mike HawthornCooper, Ferrari, Vanwall, Maserati, BRM1952-1958
36%
66Stirling MossHWA, ERA, Connaught, Cooper, Maserati, Mercedes, Vanwall, BRM, Lotus, Ferguson1951-1961
35%
35Jolyon PalmerRenault2016-2017
33%
83Jonathan PalmerWilliams, RAM, Zakspeed, Tyrrell1983-1989
33%
161Johnny HerbertBenetton, Tyrrell, Lotus, Ligier, Sauber, Stewart, Jaguar1989-2000
29%
152John WatsonBrabham, Surtees, Lotus, Penske, McLaren1973-1983, 1985
26%
59Paul di RestaForce India, Williams2011-2013, 2017
25%
38Tony BrooksBRM, Vanwall, Ferrari, Cooper1956-1961
24%
35Max ChiltonMarussia2013-2014
23%
158Martin BrundleTyrrell, Zakspeed, Williams, Brabham, Benetton, Ligier, McLaren, Jordan1984-1989, 1991-1996
21%
61Mark BlundellBrabham, Ligier, Tyrrell, McLaren1991, 1993-1995
20%
32Peter CollinsHWM, Vanwall, Maserati, Ferrari1952-1958
18%
146Derek WarwickToleman, Renault, Brabham, Arrows, Lotus, Footwork1981-1990, 1993
17%
1Jack AitkenWilliams2020
15%
24Anthony DavidsonMinardi, BAR, Super Aguri2002; 2005, 2007-2008
13%
1Jonathan WilliamsFerari1967
13%
18Will StevensCaterham, Marussia2014-2015
13%
16Allan McNishToyota2002
11%
2John Campbell-JonesLotus, Lola1962-1963
11%
16Justin WilsonMinardi, Jaguar2003
10%
1Vic WilsonCooper1960
10%
15Johnny DumfriesLotus1986
8%
50Innes IrelandLotus, BRP, BRM1959-1966
7%
30Peter GethinMcLaren, BRM, Lola1970-1974
7%
27Piers CourageLotus, BRM, Brabham, De Tomaso1967-1970
7%
42Tom PryceToken, Shadow1974-1977
6%
2Brian Shawe-TaylorMaserati, ERA1950-1951
5%
8Henry TaylorCooper, Lotus1959-1961
5%
9Jackie LewisCooper1961-1962
5%
5John TaylorCooper, Brabham1964, 1966
5%
50Mike HailwoodLotus, Lola, Surtees, McLaren1963-1965, 1971-1974
5%
36Mike SpenceLotus, BRM1963-1968
5%
1Mike TaylorCooper1959
5%
11Peter ArundellLotus1964, 1966
5%
2Roger WilliamsonMarch1973
5%
27Trevor TaylorLotus, BRP, Shannon1961-1964, 1966
5%
25Bob AndersonLola, Brabham1963-1967
4%
16Cliff AllisonLotus, Maserati, Ferrari1958-1961
4%
9Derek BellFerrari, McLaren, Brabham, Surtees, Tecno1968-1972, 1974
4%
16Dick AttwoodLotus, Cooper, BRM1965, 1967-1969
4%
13Martin DonnellyArrows, Lotus1989-1990
4%
6Mike ParkesFerrari1966-1967
4%
46Roy SalvadoriFerrari, Connaught, Maserati, Vanwall, Cooper, Aston Martin, Lola1952-1962
4%
14Stuart Lewis-EvansConnaught, Vanwall1957-1958
4%
1Bill AstonAston1952
2%
19Brian HentonLotus, March, Boro, Toleman, Arrows, Tyrrell1975, 1977, 1981-1982
2%
12Brian RedmanCooper, Surtees, McLaren, BRM, Shadow1968, 1971-1974
2%
10Chris IrwinBrabham, Lotus, BRM1966-1967
2%
2Colin DavisCooper1959
2%
1Graham WhiteheadAlta1952
2%
1John JamesMaserati1951
2%
13Lance MacklinHWM, Maserati1952-1955
2%
10Peter WhiteheadFerrari, Alta, Cooper1950-1954
2%
13Ron FlockhartMaserati, BRM, Connaught, Lotus, Cooper1954, 1956-1960
2%
10Tony BriseWilliams, Hill1975
2%
9Alan BrownCooper1952-1954
1%
7Alan StaceyLotus1958-1960
1%
1Archie Scott-BrownConnaught1956
1%
10Bob EvansBRM, Lotus, Brabham1975-1976
1%
8Bruce HalfordMaserati, Lotus, Cooper1956-1957, 1959-1960
1%
4Chris BristowCooper1959-1960
1%
3Cuth HarrisonERA1950
1%
2David HampshireMaserati1950
1%
7David PurleyMarch, LEC1973, 1977
1%
4Geoff LeesTyrrell, Shadow, Ensign, Theodore, Lotus1979-1980, 1982
1%
2George AbecassisHWM1951-1952
1%
11Guy EdwardsLola, Hesketh1974, 1976
1%
14Horace GouldCooper, Maserati1954-1958
1%
15Ian BurgessCooper, Lotus, Scirocco1958-1963
1%
4Ivor BuebConnaught, Maserati, Cooper1957-1959
1%
12Jack FairmanHWM, Connaught, BRM, Cooper, Ferguson1953, 1956-1961
1%
49Jackie OliverLotus, BRM, McLaren, Shadow1968-1973, 1977
1%
12John MilesLotus1969-1970
1%
7Julian BaileyTyrrell, Lotus1988, 1991
1%
15Ken WhartonFrazer Nash, Cooper, Maserati, Vanwall1952-1955
1%
1Leslie JohnsonERA1950
1%
2Leslie MarrConnaught1954-1955
1%
28Mike BeuttlerMarch1971-1973
1%
1Paul EmeryEmeryson1956
1%
4Peter WalkerERA, BRM, Maserati, Connaught1950-1951, 1955
1%
6Reg ParnellAlfa Romeo, Maserati, Ferrari, BRM, Cooper1950-1952, 1954
1%
25Rupert KeeganHesketh, Surtees, Williams, March1977-1978, 1980, 1982
1%
2Tim ParnellLotus1961
1%
13Vic ElfordCooper, McLaren, BRM1968-1969, 1971
1%
1Alan ReesCooper1967
0%
1Arthur OwenCooper1960
0%
1Bill WhitehouseConnaught1954
0%
8Bob GerardERA, Cooper1950-1951, 1953-1954, 1956-1957
0%
5Brian NaylorJBW1959-1961
0%
2Chris CraftBrabham1971
0%
2Chris LawrenceCooper1966
0%
1Damien MageeWilliams1975
0%
1Dave MorganSurtees1975
0%
6David HobbsBRM, Honda, McLaren1967-1968, 1971, 1974
0%
4David MurrayMaserati, Cooper1950-1952
0%
2David PiperLotus1959-1960
0%
2David ProphetBrabham1963, 1965
0%
2Dennis PooreConnaught1952
0%
1Desmond TitteringtonConnaught1956-1957
0%
1Don BeaumanConnaught1954
0%
5Eric BrandonCooper1952, 1954
0%
1Eric ThompsonConnaught1952
0%
2Geoff CrossleyAlta1950
0%
3Gerry AshmoreLotus1961
0%
4Ian AshleyToken, BRM, Hesketh1974, 1976-1977
0%
3Ian RabyGilby, Brabham1963-1965
0%
2Jim CrawfordLotus1975
0%
1Joe FryMaserati1950
0%
1John BarberCooper1953
0%
1John RhodesCooper1965
0%
1John Riseley-PrichardConnaught1954
0%
3Keith GreeneCooper, Gilby1960-1962
0%
2Ken DowningConnaught1952
0%
7Ken McAlpineConnaught1952-1953, 1955
0%
3Kenny AchesonRAM March, RAM1983, 1985
0%
2Les LestonConnaught, BRM1956-1957
0%
1Leslie ThorneConnaught1954
0%
1Mike MacDowellCooper1959
0%
3Mike WildsEnsign, BRM1974-1975
0%
1Peter AshdownCooper1959
0%
1Philip Fotheringham-ParkerMaserati1951
0%
3Richard RobartsBrabham1974
0%
1Robin Montgomerie-CharringtonAston1952
0%
1Robin WiddowsCooper1968
0%
1Rodney NuckeyCooper1953
0%
1Tiff NeedellEnsign1980
0%
2Tony CrookFrazer Nash, Cooper1952-1953
0%
2Tony MarshLotus1961
0%
3Tony RoltERA, Connaught1950, 1953, 1955
0%

Distribution des résultats

Percentile par nombre de réponses

% des personnes avec chaque résultat

Votre développement - résultats

Vous n’avez pas pris ce quiz